000 00396nam a22001697a 4500
005 20170919165944.0
008 160701b xxu||||| |||| 00| 0 eng d
020 _a978-81-89904-33-3
041 _aeng
082 _b622
100 _aDeshmukh, DJ
_93375
245 _aElements of Mining Technology II
260 _bDenett
300 _a323
650 _aDiploma Engineering
_9817
942 _cBK
999 _c5048
_d5046